<?xml version="1.0" encoding="UTF-8"?>
<record
    xmlns:xsi="http://www.w3.org/2001/XMLSchema-instance"
    xsi:schemaLocation="http://www.loc.gov/MARC21/slim http://www.loc.gov/standards/marcxml/schema/MARC21slim.xsd"
    xmlns="http://www.loc.gov/MARC21/slim">

  <leader>00823nam a2200169Ia 4500</leader>
  <controlfield tag="008">090711s9999    xx            000 0 und d</controlfield>
  <datafield tag="082" ind1=" " ind2=" ">
    <subfield code="b">55026</subfield>
  </datafield>
  <datafield tag="100" ind1=" " ind2=" ">
    <subfield code="a">&#x91C;&#x94B;&#x936;&#x940; &#x92F;. &#x926;&#x93F;. (&#x92A;&#x94D;&#x930;&#x915;&#x93E;.)</subfield>
  </datafield>
  <datafield tag="245" ind1=" " ind2=" ">
    <subfield code="a">&#x936;&#x94D;&#x930;&#x940;&#x909;&#x93E;g&#x90E;&#x937;&#x94D;&#x923;&#x93E;&#x92E;&#x93E;&#x908;S&#x94B; &#x928;&#x93E;&#x92D;&#x93F;&#x938;&#x94D;&#x925;&#x93E;&#x928; &#x936;&#x94D;&#x930;&#x940; &#x915;&#x94D;&#x937;&#x947;&#x924;&#x94D;&#x930; &#x915;&#x941;&#x930;&#x935;&#x92A;&#x941;&#x930;</subfield>
  </datafield>
  <datafield tag="260" ind1=" " ind2=" ">
    <subfield code="c">1982</subfield>
  </datafield>
  <datafield tag="300" ind1=" " ind2=" ">
    <subfield code="a">96</subfield>
  </datafield>
  <datafield tag="600" ind1=" " ind2=" ">
    <subfield code="a">&#x91C;&#x94B;&#x936;&#x940; &#x92F;. &#x926;&#x93F;. (&#x92A;&#x94D;&#x930;&#x915;&#x93E;.)</subfield>
  </datafield>
  <datafield tag="630" ind1=" " ind2=" ">
    <subfield code="a">&#x936;&#x94D;&#x930;&#x940;&#x909;&#x93E;g&#x90E;&#x937;&#x94D;&#x923;&#x93E;&#x92E;&#x93E;&#x908;S&#x94B; &#x928;&#x93E;&#x92D;&#x93F;&#x938;&#x94D;&#x925;&#x93E;&#x928; &#x936;&#x94D;&#x930;&#x940; &#x915;&#x94D;&#x937;&#x947;&#x924;&#x94D;&#x930; &#x915;&#x941;&#x930;&#x935;&#x92A;&#x941;&#x930;</subfield>
  </datafield>
  <datafield tag="700" ind1=" " ind2=" ">
    <subfield code="a">&#x91C;&#x94B;&#x936;&#x940; &#x92F;. &#x926;&#x93F;. (&#x92A;&#x94D;&#x930;&#x915;&#x93E;.)</subfield>
  </datafield>
  <datafield tag="730" ind1=" " ind2=" ">
    <subfield code="a">&#x936;&#x94D;&#x930;&#x940;&#x909;&#x93E;g&#x90E;&#x937;&#x94D;&#x923;&#x93E;&#x92E;&#x93E;&#x908;S&#x94B; &#x928;&#x93E;&#x92D;&#x93F;&#x938;&#x94D;&#x925;&#x93E;&#x928; &#x936;&#x94D;&#x930;&#x940; &#x915;&#x94D;&#x937;&#x947;&#x924;&#x94D;&#x930; &#x915;&#x941;&#x930;&#x935;&#x92A;&#x941;&#x930;</subfield>
  </datafield>
  <datafield tag="942" ind1=" " ind2=" ">
    <subfield code="c">BOOK</subfield>
  </datafield>
  <datafield tag="999" ind1=" " ind2=" ">
    <subfield code="c">283636</subfield>
    <subfield code="d">283636</subfield>
  </datafield>
  <datafield tag="952" ind1=" " ind2=" ">
    <subfield code="0">0</subfield>
    <subfield code="1">0</subfield>
    <subfield code="4">0</subfield>
    <subfield code="7">0</subfield>
    <subfield code="a">DASAVA</subfield>
    <subfield code="b">DASAVA</subfield>
    <subfield code="d">2009-07-11</subfield>
    <subfield code="g">12.00</subfield>
    <subfield code="l">0</subfield>
    <subfield code="o">55026</subfield>
    <subfield code="p">DASAVA-55026</subfield>
    <subfield code="r">2009-07-11 00:00:00</subfield>
    <subfield code="v">12.00</subfield>
    <subfield code="w">2009-07-11</subfield>
    <subfield code="y">BOOK</subfield>
  </datafield>
</record>
